| 000 | 00612nam a2200229Ia 4500 | ||
|---|---|---|---|
| 003 | 0100 | ||
| 008 | 130303s9999 xx 000 0 und d | ||
| 020 | _a333945719 | ||
| 040 | _cARRUPELIB | ||
| 050 | _aHM586.I57 2002 | ||
| 100 | _aBilton, Tony ...(et al.) | ||
| 245 | _aIntroductory sociology | ||
| 250 | _a4th ed. | ||
| 260 | _aNew York | ||
| 260 | _bPalgrave Macmillan | ||
| 260 | _C2002 | ||
| 300 | _axxxiii | ||
| 300 | _b596p. 25 cm | ||
| 650 | _bVictims of crimes - United States | ||
| 650 | _cUnited States - Social conditions - 1980- United States - Moral conditions | ||
| 942 |
_2lcc _02 |
||
| 999 |
_c63082 _d63082 |
||